Every 100k+ City in the Middle East - Statistics

General Stats
  • This quiz has been taken 58 times
  • The average score is 64 of 315
Answer Stats
Country City % Correct
Egypt Cairo
100%
Turkey Istanbul
100%
Turkey Ankara
98%
Iraq Baghdad
98%
Saudi Arabia Jeddah
98%
Saudi Arabia Riyadh
98%
Iran Tehran
98%
Egypt Alexandria
96%
UAE Dubai
96%
Turkey Izmir
96%
UAE Abu Dhabi
94%
Yemen Sanaa
92%
Lebanon Beirut
90%
Saudi Arabia Mecca
90%
Iran Isfahan
88%
Syria Aleppo
85%
Syria Damascus
85%
Israel Jerusalem
85%
Saudi Arabia Medina
85%
Oman Muscat
85%
Iraq Mosul
83%
Jordan Amman
81%
Qatar Doha
81%
Iraq Erbil
81%
Palestinian Territories Gaza
81%
Egypt Giza
77%
Israel Tel Aviv
77%
Yemen Aden
75%
Turkey Gaziantep
75%
Bahrain Manama
75%
Turkey Antalya
73%
Turkey Bursa
73%
Saudi Arabia Dammam
71%
Turkey Konya
71%
Egypt Luxor
71%
Israel Haifa
69%
Iraq Kirkuk
67%
Egypt Port Said
67%
Iran Tabriz
67%
Iran Shiraz
65%
Lebanon Tripoli
65%
Iran Qom
63%
UAE Sharjah
60%
Turkey Adana
58%
Egypt Suez
58%
Egypt Aswan
56%
Turkey Kayseri
56%
Iraq Basrah
54%
Turkey Edirne
54%
Syria Homs
54%
Turkey Mersin
54%
Iran Mashad
50%
Turkey Batman
48%
Iraq Najaf
46%
Cyprus Nicosia
46%
Turkey Trabzon
46%
Turkey Van
46%
Turkey Diyarbakir
44%
Syria Latakia
44%
Iran Ahvaz
42%
Iran Bandar Abbas
42%
Turkey Erzurum
42%
Iran Kerman
42%
Turkey Antakya
40%
Iran Kermanshah
40%
Turkey Samsun
40%
Lebanon Tyre
40%
Palestinian Territories Hebron
35%
Lebanon Sidon
35%
Israel Beersheba
33%
Jordan Irbid
31%
Egypt Asyut
29%
Palestinian Territories Rafah
29%
Turkey Sanliurfa
29%
Turkey Sivas
29%
Saudi Arabia Tabuk
29%
Yemen Taiz
29%
Jordan Zarqa
29%
Israel Ashdod
27%
Turkey Iskenderun
27%
Turkey Izmit
27%
Palestinian Territories Nablus
27%
Oman Salalah
27%
Turkey Eskisehir
25%
Egypt Ismailia
25%
Israel Jaffa
25%
Iran Karaj
25%
Palestinian Territories Khan Yunis
25%
Cyprus Limassol
25%
Saudi Arabia Ta'if
25%
Turkey Tekirdag
25%
Israel Ashkelon
23%
Egypt New Cairo
23%
Egypt Sohag
23%
Iran Yazd
23%
Turkey Corlu
21%
Syria Idlib
21%
Israel Netanya
21%
Iran Rasht
21%
Syria Deir ez-Zor
19%
Palestinian Territories East Jerusalem
19%
Turkey Isparta
19%
Saudi Arabia Mukalla
19%
Egypt Tanta
19%
Iraq Al Kut
17%
Syria Ar Raqqah
17%
Turkey Aydin
17%
Turkey Denizli
17%
Saudi Arabia Ha'il
17%
Iran Hamadan
17%
Turkey Malatya
17%
Turkey Alanya
15%
Iran Ardabil
15%
Turkey Balikesir
15%
Saudi Arabia Buraydah
15%
Turkey Elazig
15%
Yemen Ibb
15%
Turkey Karaman
15%
Iraq Nasiriyah
15%
Iraq Samarra'
15%
Yemen Tarsus
15%
Saudi Arabia Abha
13%
Iran Arak
13%
Turkey Erzincan
13%
Iran Iranshahr
13%
Saudi Arabia Jizan
13%
Iraq Kerbala
13%
Turkey Kirikkale
13%
Turkey Osmaniye
13%
Egypt Zagazig
13%
Turkey Adiyaman
10%
Iraq Al'Amarah
10%
Yemen Al Hudaydah
10%
Turkey Gebze
10%
Turkey Ordu
10%
Egypt Qina
10%
Iraq Ramadi
10%
United Arab Emirates Ras Al Khaimah City
10%
Oman Seeb
10%
Turkey Siirt
10%
Saudi Arabia Yanbu
10%
Iran Zahedan
10%
Saudi Arabia Arar
8%
Qatar Ar Rayyan
8%
Iraq As Sulaymaniyah
8%
Iran Bushehr
8%
Turkey Corum
8%
Iran Gorgan
8%
Iraq Kufa
8%
Egypt Mallawi
8%
Turkey Manisa
8%
Iran Qazvin
8%
Turkey Tokat
8%
Turkey Adapazari
6%
Turkey Afyonkarahisar
6%
Iraq Al Fallujah
6%
Israel Holon
6%
Iran Ilam
6%
Israel Ramat Gan
6%
Jordan Russeifa
6%
Iran Sanandaj
6%
Turkey Sari
6%
Iran Semnan
6%
Oman Sohar
6%
Iran Zanjan
6%
Iran Abadan
4%
Turkey Aksaray
4%
Kuwait Al Ahmadi
4%
Syria Al Bab
4%
Iraq Al Hillah
4%
Iran Amol
4%
Iran Babol
4%
Iraq Baqubah
4%
Iran Birjand
4%
Israel Bnei Brak
4%
Egypt Damanhur
4%
Syria Hamah
4%
Iran Mahabad
4%
Iran Neyshabur
4%
Israel Rehovot
4%
Iran Sirjan
4%
Turkey Turgutlu
4%
Iran Zabol
4%
Turkey Zonguldak
4%
Egypt Al Fayyum
2%
Egypt Al Mahallah al Kubra
2%
Egypt Al Minya
2%
Egypt Arish
2%
Iraq As Samawah
2%
Iran Borujerd
2%
Iraq Dihok
2%
Iran Gonbad-e Kavus
2%
Saudi Arabia Hafar Al-Batin
2%
Oman 'Ibri
2%
Israel Kfar Saba
2%
Saudi Arabia Khamis Mushait
2%
Saudi Arabia Khobar
2%
Iran Khorramshahr
2%
Iran Orumiyeh
2%
Saudi Arabia Qurayyat
2%
Iran Sabzevar
2%
Turkey Usak
2%
Iraq Abu Ghurayb
0%
Egypt Abu Kabir
0%
Iraq Ad Diwaniyah
0%
Jordan 'Ajlun
0%
UAE Ajman CIty
0%
Iraq Al Basrah al Qadimah
0%
Iraq Al Faw
0%
Egypt Al Hawamidiyah
0%
Saudi Arabia Al Hufuf
0%
Saudi Arabia Al Jubayl
0%
Saudi Arabia Al Kharj
0%
Egypt Al Mansurah
0%
Iraq Al Mawsil al Jadidah
0%
Saudi Arabia Al Mubarraz
0%
Turkey Arnavutkoey
0%
Kuwait As Salimiyah
0%
Oman As Suwayq
0%
Turkey Atasehir
0%
Iran Azadshahr
0%
Iraq Az Zubayr
0%
Turkey Bagcilar
0%
Turkey Bahcelievler
0%
Iran Bandar-e Anzali
0%
Turkey Bandirma
0%
Iran Baneh
0%
Egypt Banha
0%
Egypt Bani Suwayf
0%
Turkey Basaksehir
0%
Turkey Batikent
0%
Israel Bat Yam
0%
Oman Bawshar
0%
Israel Bet Shemesh
0%
Turkey Beylikduezue
0%
Egypt Bilbays
0%
Egypt Bilqas
0%
Iran Bojnord
0%
Turkey Bueyeukcekmece
0%
Iran Bukan
0%
Turkey Cankaya
0%
Turkey Derince
0%
Yemen Dhamar
0%
Egypt Dikirnis
0%
Egypt Disuq
0%
Syria Duma
0%
Turkey Esenler
0%
Turkey Esenyurt
0%
Egypt Girga
0%
Egypt Halwan
0%
Kuwait Hawalli
0%
Egypt Idfu
0%
Egypt Idku
0%
Turkey Inegol
0%
Palestinian Territories Jabalya
0%
Egypt Kafr ad Dawwar
0%
Egypt Kafr ash Shaykh
0%
Turkey Kahmaranramas
0%
Iran Kahriz
0%
Turkey Karabaglar
0%
Iran Khomeyni Shahr
0%
Iran Khowy
0%
Turkey Kiziltepe
0%
Iran Kuhdasht
0%
Turkey Kutayah
0%
Iran Malayer
0%
Turkey Maltepe
0%
Iran Marand
0%
Iran Marvdasht
0%
Iran Masjed Soleyman
0%
Turkey Merkezefendi
0%
Iran Miandoab
0%
Turkey Muratpasa
0%
United Arab Emirates Musaffa
0%
Turkey Mustafakemalpasa
0%
Lebanon Nabatiye et Tahta
0%
Iran Najafabad
0%
Iran Nazarabad
0%
Turkey Nazilli
0%
Iran Parsabad
0%
Iran Pasragad Branch
0%
Israel Petah Tiqwa
0%
Egypt Qalyub
0%
Iran Qarchak
0%
Iran Quchan
0%
Iran Rafsanjan
0%
Lebanon Ra's Bayrut
0%
Israel Rishon LeZiyyon
0%
Kuwait Sabah as Salim
0%
Saudi Arabia Sabt Alalayah
0%
Saudi Arabia Sakakah
0%
Turkey Sancaktepe
0%
Iran Saqqez
0%
Iran Saveh
0%
Iran Shahr-e Kord
0%
Iran Shahrud
0%
Egypt Shibin al Kawm
0%
Iraq Sinah
0%
Turkey Sisli
0%
Turkey Siverek
0%
Iraq Soran
0%
Saudi Arabia Sultanah
0%
Turkey Sultanbeyli
0%
Turkey Sultangazi
0%
Egypt Talkha
0%
Iran Torbat-e Heydariyeh
0%
Turkey Turhal
0%
Turkey UEskuedar
0%
Iraq Umm Qasr
0%
Turkey Umraniye
0%
Iran Varamin
0%
Turkey Viransehir
0%
Jordan Wadi as Sur
0%
Israel West Jerusalem
0%
Turkey Zeytinburnu
0%
No matching quizzes found
Score Distribution
Percent of People with Each Score
Percentile by Number Answered
Your Score History
You have not taken this quiz